Statistics for Elvis Presley - Heartbreak Hotel - Lyrics

Click here to take the quiz!

General Stats

  • This quiz has been taken 250 times
  • The average score is 88 of 147

Answer Stats

Answer% Correct
Hotel.
97%
Heartbreak
96%
I
96%
A
94%
Baby
92%
Baby,
92%
To
90%
Me,
86%
Me
86%
My
85%
The
85%
Lonely
84%
Lonely,
84%
So
82%
Left
81%
Well
81%
Well,
81%
Since
79%
Place
78%
New
77%
Do
76%
Dwell.
76%
At
74%
Die.
74%
Street
74%
Could
73%
Found
73%
Down
68%
It's
66%
Its
66%
You,
65%
You
65%
Of
64%
In
60%
End
58%
And
52%
Can
46%
Find
45%
Room
41%
Some
40%
Cry
39%
Always
37%
Crowded,
36%
On
35%
Been
34%
Black
34%
Dressed
31%
If
31%
Still
31%
Broken
30%
Where
30%
They
29%
Your
28%
Lovers
27%
Make
27%
Desk
26%
Take
26%
Got
25%
Hearted
24%
Walk
24%
Although
23%
Tears
23%
Back
22%
Clerks
21%
Their
21%
Bell- hop's
20%
Flowin'
20%
Get
20%
Gloom.
20%
Just
20%
Leaves
19%
Tell.
18%
Long
16%
Look
16%
Ever
15%
Tale
15%
Now,
12%
Away
8%
Gonna
7%
Ain't
3%
Gone
1%
Hey
1%
Kepp
1%

Score Distribution

Percentile by Number Answered

Percent of People with Each Score

Your Score History

You have not taken this quiz